| 000 | 01306nam0a2200349 i 4500 | ||
|---|---|---|---|
| 001 | RU\NLR\bibl\2033420 | ||
| 005 | 20260531102945.0 | ||
| 010 |
_a9785861815352 _92000 |
||
| 021 |
_aRU _b2013-30208 _92074 |
||
| 035 | _a(NLR Aleph) 002021069 | ||
| 090 |
_a4504808 _c4504808 |
||
| 100 | _a20130516d2013 u y0rusy50 ca | ||
| 101 | 1 |
_arus _ceng |
|
| 102 | _aRU | ||
| 105 | _ay ||||||||| | ||
| 200 | 1 |
_aОтголоски иного мира _fФилип Янси _g[пер. с англ.: Г. Ястребов] |
|
| 205 | _a[2-е изд.] | ||
| 210 |
_aМосква _cТриада _d2013 |
||
| 215 |
_a331 с. _d21 |
||
| 300 | _aЗагл. и авт. ориг.: Rumors of another world/ by Philip Yancey | ||
| 320 | _aБиблиогр. в подстроч. примеч. | ||
| 320 | _aДр. кн. авт. на 4-й с. обл. | ||
| 454 | 0 |
_12001#$aRumors of another world$fPhilip Yancey _1700#1$aYancey$bP.$gPhilip$4070 _tRumors of another world _aYancey, Philip |
|
| 606 |
_aЕвангелизация _92082319 _3RU\NLR\auth\661258340 |
||
| 686 | _aЭ376,0 | ||
| 700 | 1 |
_4070 _8rus _7ca _aЯнси _bФ. _f1949- _gФилип _3RU\NLR\auth\7723969 _97022 |
|
| 801 | 0 |
_aRU _bNLR _c20130516 _gRCR |
|
| 801 | 1 |
_aRU _bNLR _c20130516 |
|
| 942 | _cBOOK | ||
| 980 | _aNBR | ||